[Event "French League"]
[Site "Mulhouse FRA"]
[Date "2011.05.28"]
[Round "3"]
[White "Wojtaszek, Radoslaw"]
[Black "Vaisser, Anatoly"]
[Result "1/2-1/2"]
[WhiteElo "2721"]
[BlackElo "2533"]
[PlyCount "104"]
[EventDate "2011.05.26"]

1. d4 e6 2. c4 f5 3. g3 Nf6 4. Bg2 c6 5. Nh3 d6 6. Nc3 e5 7. dxe5 dxe5 8. Qxd8+
Kxd8 9. Ng5 Ke8 10. e4 Bd6 11. exf5 Bxf5 12. O-O h6 13. Rd1 Bc5 14. Nge4 Bxe4
15. Bxe4 Kf7 16. Bf5 Na6 17. Re1 g6 18. Bh3 Nb4 19. Re2 Rad8 20. Rb1 Bd4 21.
Kg2 Nd3 22. Be3 b6 23. Nd1 c5 24. f3 Kg7 25. Bd2 Nb4 26. Nc3 Rhe8 27. Nb5 Kf7
28. Bxh6 a6 29. Nc3 Rd6 30. Bg5 Bxc3 31. bxc3 Nd3 32. Bxf6 Kxf6 33. Kg1 e4 34.
f4 e3 35. Bg2 b5 36. Bd5 g5 37. fxg5+ Kxg5 38. Rd1 Nf2 39. Rde1 bxc4 40. Bxc4
Rd2 41. Kg2 Rf8 42. h4+ Kh6 43. Rf1 Rfd8 44. Kf3 Nd1 45. Rxd2 Rxd2 46. Re1 a5
47. g4 a4 48. a3 Rd8 49. g5+ Kg6 50. Kg4 Nxc3 51. h5+ Kg7 52. Rxe3 Rd4+ 1/2-1/2

[Event "French League"]
[Site "Mulhouse FRA"]
[Date "2011.05.29"]
[Round "4"]
[White "Adla, Diego"]
[Black "Wojtaszek, Radoslaw"]
[Result "1-0"]
[WhiteElo "2507"]
[BlackElo "2721"]
[PlyCount "101"]
[EventDate "2011.05.26"]

1. e4 c5 2. Nf3 e6 3. d3 Nc6 4. g3 d5 5. Qe2 Nge7 6. Bg2 g6 7. O-O Bg7 8. Re1
b6 9. e5 a5 10. a4 Ba6 11. c3 Ra7 12. Na3 Rd7 13. Nb5 O-O 14. h4 h6 15. Bf4 Nf5
16. Bh3 Re8 17. Qd2 Kh7 18. Kh2 Na7 19. Nxa7 Rxa7 20. Rh1 d4 21. c4 Bb7 22. Bg2
Qa8 23. Qe2 f6 24. Rag1 g5 25. Bc1 gxh4 26. g4 Ne7 27. exf6 Bxf6 28. Qxe6 Rf8
29. Nxh4 Bxg2 30. Rxg2 Qc6 31. Qxc6 Nxc6 32. Nf5 Kg6 33. Kg3 Rh8 34. Rgh2 Rah7
35. Rh5 Nb4 36. Rd1 Re8 37. f4 Re2 38. Rdh1 Nxd3 39. Rxh6+ Rxh6 40. Rxh6+ Kf7
41. g5 Bg7 42. g6+ Kf6 43. Nxg7 Kxg7 44. f5 Kf6 45. Rh7 Kxf5 46. g7 Re1 47. Rh2
Re8 48. Rh8 Re1 49. Rf8+ Ke4 50. Re8+ Ne5 51. Kf2 1-0

[Event "French League"]
[Site "Mulhouse FRA"]
[Date "2011.05.29"]
[Round "4"]
[White "Bacrot, Etienne"]
[Black "Renet, Olivier"]
[Result "1-0"]
[WhiteElo "2705"]
[BlackElo "2497"]
[PlyCount "101"]
[EventDate "2011.05.26"]

1. d4 Nf6 2. c4 e6 3. Nc3 Bb4 4. Nf3 b6 5. Bg5 h6 6. Bh4 g5 7. Bg3 Ne4 8. Qc2
Bb7 9. Nd2 Bxc3 10. bxc3 Nxg3 11. hxg3 Qe7 12. c5 Nc6 13. Rb1 Rb8 14. cxb6 axb6
15. e4 Ra8 16. a4 Kf8 17. Bb5 Kg7 18. g4 f5 19. e5 fxg4 20. Ne4 Raf8 21. Ng3
Kf7 22. Be2 Ke8 23. Bxg4 Kd8 24. Nh5 Ba6 25. Be2 Bxe2 26. Qxe2 Qa3 27. Qc2 Ne7
28. Rh3 g4 29. Rg3 Nf5 30. Rxg4 Rhg8 31. Rxg8 Rxg8 32. g3 Rg5 33. Nf6 Nxg3 34.
fxg3 Rxg3 35. Kf2 Rxc3 36. Qg6 Qa2+ 37. Kg1 Kc8 38. Qg8+ Kb7 39. Qg2+ Qxg2+ 40.
Kxg2 Rc4 41. d5 exd5 42. Nxd7 Kc8 43. Nf6 Kd8 44. Re1 Ke7 45. e6 c6 46. Ng8+
Ke8 47. Kf3 Rc3+ 48. Kf4 d4 49. e7 Re3 50. Rxe3 dxe3 51. Kxe3 1-0

[Event "French League"]
[Site "Mulhouse FRA"]
[Date "2011.05.29"]
[Round "4"]
[White "Dreev, Aleksey"]
[Black "Housieaux, David"]
[Result "1-0"]
[WhiteElo "2703"]
[BlackElo "2436"]
[PlyCount "111"]
[EventDate "2011.05.26"]

1. d4 g6 2. e4 Bg7 3. c4 d6 4. Nc3 Nd7 5. Nf3 e5 6. Be2 Ngf6 7. O-O O-O 8. Be3
Re8 9. d5 Nh5 10. g3 Bf8 11. Ne1 Ng7 12. Nd3 f5 13. f3 a5 14. a3 Be7 15. Qd2
Nf6 16. Nf2 a4 17. Kg2 c5 18. Bd1 Bd7 19. Bc2 Rf8 20. Rae1 Nfh5 21. Nd3 b6 22.
Bh6 f4 23. gxf4 Nxf4+ 24. Bxf4 Rxf4 25. Nxf4 Bg5 26. Nce2 Nh5 27. Ne6 Bxe6 28.
f4 exf4 29. Qc3 Bg4 30. e5 dxe5 31. Ng1 Bf6 32. Be4 Qd6 33. Nf3 Bxf3+ 34. Qxf3
Ng7 35. Qg4 g5 36. Qd1 h5 37. h3 Kf7 38. Rh1 Ra5 39. Qd3 Bd8 40. Reg1 b5 41.
Re1 bxc4 42. Qxc4 Qa6 43. Qc2 Qd6 44. Re2 Ra7 45. Bf3 Kg8 46. Rc1 Bb6 47. Qe4
Bc7 48. Kf1 Qd7 49. Rxc5 Qxh3+ 50. Bg2 Qb3 51. Rec2 Bd6 52. Rc8+ Kf7 53. Qh7 f3
54. Bxf3 g4 55. Be4 Qh3+ 56. Bg2 1-0

[Event "French League"]
[Site "Mulhouse FRA"]
[Date "2011.05.29"]
[Round "4"]
[White "Eljanov, Pavel"]
[Black "Cornette, Matthieu"]
[Result "0-1"]
[WhiteElo "2712"]
[BlackElo "2562"]
[PlyCount "110"]
[EventDate "2011.05.26"]

1. Nf3 Nf6 2. c4 e6 3. Nc3 d5 4. d4 Bb4 5. Qa4+ Nc6 6. e3 O-O 7. Be2 Bd7 8. Qc2
Re8 9. O-O h6 10. a3 Bf8 11. h3 dxc4 12. Bxc4 Bd6 13. Rd1 a6 14. e4 e5 15. d5
Ne7 16. Be3 Ng6 17. Nd2 Nh5 18. Bf1 Nhf4 19. Nc4 Qg5 20. Kh1 Nh4 21. f3 Qh5 22.
Qf2 Be7 23. g4 Qg5 24. d6 Bxd6 25. Nd5 h5 26. Nxd6 cxd6 27. Qg3 Nhg6 28. Nc7
hxg4 29. hxg4 Qh6+ 30. Qh2 Nh4 31. Nxa8 Rxa8 32. Bxf4 exf4 33. Be2 Re8 34. Rd5
g5 35. Rad1 Re6 36. Kg1 Bc6 37. R5d4 Qf8 38. Qf2 Ng6 39. Bc4 Rf6 40. Qd2 Ne5
41. Be2 Bb5 42. Rf1 Bxe2 43. Qxe2 Rh6 44. Kg2 Qg7 45. Rdd1 Nc4 46. Rh1 Ne3+ 47.
Kg1 Rxh1+ 48. Kxh1 Nxd1 49. Qxd1 Qxb2 50. Qxd6 Qe2 51. Qd8+ Kh7 52. Qxg5 Qxf3+
53. Kh2 Qxe4 54. Qc5 Qe2+ 55. Kh1 Qf3+ 0-1

[Event "French League"]
[Site "Mulhouse FRA"]
[Date "2011.05.29"]
[Round "4"]
[White "Le Roux, Jean-Pierre"]
[Black "Le Quang Liem"]
[Result "0-1"]
[WhiteElo "2523"]
[BlackElo "2679"]
[PlyCount "116"]
[EventDate "2011.05.26"]

1. d4 Nf6 2. c4 g6 3. Nc3 d5 4. Nf3 Bg7 5. Qb3 dxc4 6. Qxc4 O-O 7. e4 a6 8. Be2
b5 9. Qb3 c5 10. dxc5 Bb7 11. O-O Nxe4 12. Nxe4 Bxe4 13. Rd1 Qc8 14. Be3 Nc6
15. Ng5 Bf5 16. h3 h6 17. g4 hxg5 18. gxf5 Qxf5 19. a4 b4 20. Bg4 Qf6 21. Rd5
e6 22. Rd2 Rfc8 23. Rad1 a5 24. Rd6 Bf8 25. Bxe6 Bxd6 26. Bxc8 Bxc5 27. Bb7
Bxe3 28. Qxe3 Rb8 29. Bxc6 Qxc6 30. Qxg5 Qxa4 31. Rd8+ Rxd8 32. Qxd8+ Kg7 33.
Qd4+ f6 34. Qa7+ Kh6 35. Qe3+ g5 36. Qd4 Qc6 37. Qd8 Qc1+ 38. Kg2 Qxb2 39. Qf8+
Kg6 40. Qe8+ Kf5 41. Qc8+ Ke4 42. Qc6+ Kd3 43. Qb5+ Kc2 44. Qf5+ Kc1 45. Qxa5
Qc3 46. Qa6 b3 47. Qa3+ Kd2 48. Qd6+ Kc2 49. Qe6 b2 50. Qe2+ Kc1 51. Qf1+ Kd2
52. Qb5 Qd4 53. Qa5+ Kd1 54. Qf5 Kc1 55. Qc8+ Kd2 56. Qb7 Kc2 57. Qc8+ Qc3 58.
Qf5+ Kc1 0-1

[Event "French League"]
[Site "Mulhouse FRA"]
[Date "2011.05.29"]
[Round "4"]
[White "Moiseenko, Alexander"]
[Black "Postny, Evgeny"]
[Result "1/2-1/2"]
[WhiteElo "2679"]
[BlackElo "2612"]
[PlyCount "159"]
[EventDate "2011.05.26"]

1. d4 d5 2. c4 c6 3. Nf3 Nf6 4. Nc3 a6 5. a4 e6 6. g3 dxc4 7. Bg2 c5 8. dxc5
Qxd1+ 9. Nxd1 Bd7 10. Ne5 Nc6 11. Nxc4 Bxc5 12. Be3 Bxe3 13. Ndxe3 Ke7 14. f4
Rab8 15. Kf2 Nb4 16. Ne5 Rhc8 17. a5 b6 18. axb6 Rxb6 19. Rhc1 Rbb8 20. Rc3 Be8
21. Rac1 Rxc3 22. bxc3 Nbd5 23. c4 Nb4 24. Nc2 a5 25. Nxb4 axb4 26. Ke3 b3 27.
Rb1 Kd6 28. Kd4 Nd7 29. Nc6 Ra8 30. Nb4 Ra3 31. Nd3 f6 32. c5+ Kc7 33. Be4 Bf7
34. Kc3 e5 35. c6 Nb6 36. fxe5 Ra2 37. exf6 Rxe2 38. Nc5 Na4+ 39. Nxa4 Rxe4 40.
Nb2 gxf6 41. Rf1 Re6 42. g4 Rxc6+ 43. Kb4 Bd5 44. Rf5 Be4 45. Rc5 Rxc5 46. Kxc5
Kd7 47. Kd4 Bc2 48. Kc3 Ke6 49. Nc4 Be4 50. Kxb3 Bf3 51. Kc3 Bxg4 52. Kd4 Be2
53. Ne3 Bf3 54. Nf1 Kf5 55. Ke3 Bd5 56. Kf2 Kf4 57. Ne3 Be4 58. Nc4 f5 59. Ne3
Ke5 60. Nc4+ Kd5 61. Nd2 f4 62. Ke2 Kd4 63. Nb3+ Ke5 64. Nd2 Bd5 65. Kf2 Kd4
66. Ke2 Bc6 67. Kf2 h6 68. Ke2 Bd5 69. Kf2 Ke5 70. Nb1 Kf5 71. Nc3 Bb7 72. Ne2
f3 73. Nd4+ Kf4 74. Ne6+ Ke5 75. Nc5 Bd5 76. Ke3 Kf5 77. Nd3 Kg4 78. Ne5+ Kh3
79. Nxf3 Bxf3 80. Kxf3 1/2-1/2

[Event "French League"]
[Site "Mulhouse FRA"]
[Date "2011.05.29"]
[Round "4"]
[White "Navara, David"]
[Black "Aguettaz, Maxime"]
[Result "1/2-1/2"]
[WhiteElo "2702"]
[BlackElo "2417"]
[PlyCount "119"]
[EventDate "2011.05.26"]

1. d4 Nf6 2. c4 g6 3. g3 Bg7 4. Bg2 O-O 5. Nf3 d6 6. Nc3 Nc6 7. O-O a6 8. e3
Rb8 9. Qe2 b5 10. Rd1 bxc4 11. Qxc4 Bb7 12. b3 Nb4 13. Qe2 a5 14. e4 c5 15. Bg5
cxd4 16. Nxd4 h6 17. Be3 Ba6 18. Qd2 Ng4 19. a3 Nxe3 20. fxe3 Nd3 21. Bf1 Nc5
22. Nc6 Nxb3 23. Qa2 Bxf1 24. Nxd8 Rfxd8 25. Nd5 Bc4 26. Nxe7+ Kf8 27. Nc6 Rbc8
28. Nxd8 Nxa1 29. Qd2 Rxd8 30. Qxa5 Rc8 31. Rxd6 Kg8 32. Rd8+ Rxd8 33. Qxd8+
Kh7 34. Qc7 Be6 35. a4 Nb3 36. a5 Nxa5 37. Qxa5 Bf8 38. Qc7 Kg8 39. Kf2 Ba2 40.
g4 Be6 41. Kg3 Ba2 42. Kf4 Be6 43. h4 Ba2 44. h5 g5+ 45. Kf5 Be6+ 46. Kf6 Bg7+
47. Ke7 Bf8+ 48. Ke8 Ba2 49. e5 Be6 50. e4 Kg7 51. Qd8 Kg8 52. Qd5 Kg7 53. Qd8
Kg8 54. Qf6 Bg7 55. Qe7 Bxe5 56. Qf8+ Kh7 57. Qc5 Bg7 58. e5 Kg8 59. Qd4 Bf8
60. Qe4 1/2-1/2

[Event "French League"]
[Site "Mulhouse FRA"]
[Date "2011.05.29"]
[Round "4"]
[White "Terrieux, Kevin"]
[Black "Vachier-Lagrave, Maxime"]
[Result "0-1"]
[WhiteElo "2434"]
[BlackElo "2731"]
[PlyCount "124"]
[EventDate "2011.05.26"]

1. d4 Nf6 2. c4 g6 3. Nc3 Bg7 4. e4 d6 5. f3 O-O 6. Nge2 c5 7. d5 e6 8. Ng3
exd5 9. cxd5 a6 10. a4 h5 11. Bg5 Qb6 12. Qd2 Nh7 13. a5 Qc7 14. Bh6 Bxh6 15.
Qxh6 b5 16. axb6 Qxb6 17. Rb1 Nd7 18. Be2 c4 19. f4 Ndf6 20. f5 Kh8 21. Rf1 Rg8
22. fxg6 Rxg6 23. Qf4 Bg4 24. Qf2 Qxf2+ 25. Rxf2 Re8 26. Bxc4 Ng5 27. Bd3 h4
28. Nf5 Nfxe4 29. Bxe4 Nxe4 30. Nxe4 Rxe4+ 31. Kf1 h3 32. Ng3 Re7 33. Rf4 Kg8
34. Ra1 Re5 35. Ra5 Be2+ 36. Kf2 hxg2 37. Kxg2 Bb5 38. b4 Rxd5 39. Ra2 Rdg5 40.
Rd2 Rg4 41. Rdd4 Rxf4 42. Rxf4 Bd7 43. Kf3 Kg7 44. Ke3 Rg5 45. Rd4 d5 46. Rf4
Re5+ 47. Kd4 f6 48. h4 Kf7 49. Rf3 Ke6 50. Rf1 Bb5 51. Rh1 f5 52. h5 f4 53. h6
fxg3 54. h7 Re4+ 55. Kc5 Rc4+ 56. Kb6 Rc8 57. h8=Q Rxh8 58. Rxh8 d4 59. Rg8 d3
60. Rxg3 Kd5 61. Rg1 Kc4 62. Rb1 d2 0-1

[Event "French League"]
[Site "Mulhouse FRA"]
[Date "2011.05.30"]
[Round "5"]
[White "Bacrot, Etienne"]
[Black "Le Roux, Jean-Pierre"]
[Result "1/2-1/2"]
[WhiteElo "2705"]
[BlackElo "2523"]
[PlyCount "36"]
[EventDate "2011.05.26"]

1. d4 Nf6 2. c4 g6 3. Nc3 d5 4. cxd5 Nxd5 5. Bd2 Bg7 6. e4 Nb6 7. Be3 O-O 8.
Bb5 Be6 9. Nf3 N8d7 10. Be2 Bg4 11. e5 Bxf3 12. Bxf3 c5 13. e6 fxe6 14. Bxb7
Rb8 15. dxc5 Nc4 16. c6 Nxe3 17. fxe3 Qb6 18. Qe2 Nc5 1/2-1/2

[Event "French League"]
[Site "Mulhouse FRA"]
[Date "2011.05.30"]
[Round "5"]
[White "Bauer, Christian"]
[Black "Navara, David"]
[Result "0-1"]
[WhiteElo "2638"]
[BlackElo "2702"]
[PlyCount "86"]
[EventDate "2011.05.26"]

1. e4 c5 2. Nf3 d6 3. d4 cxd4 4. Nxd4 Nf6 5. Nc3 a6 6. Bc4 e6 7. O-O Be7 8. Re1
O-O 9. a3 b5 10. Ba2 Bb7 11. Re3 Re8 12. Rh3 Nbd7 13. Be3 Bf8 14. f3 Rc8 15.
Qe1 d5 16. exd5 exd5 17. Qd2 Ne5 18. Rd1 Nc4 19. Bxc4 dxc4 20. Bf2 Rc7 21. Nce2
Bc8 22. Rg3 Bd6 23. Rg5 h6 24. Rf5 Bxf5 25. Nxf5 Be7 26. Ned4 Bc5 27. c3 Rd7
28. Qf4 Rd5 29. g4 Nh7 30. Kg2 Qc8 31. h4 Nf8 32. Qg3 Ne6 33. Re1 Nxd4 34.
Rxe8+ Qxe8 35. cxd4 Bf8 36. Qf4 a5 37. Qc7 h5 38. Qb7 Rd7 39. Qxb5 hxg4 40.
Qxc4 gxf3+ 41. Kxf3 Qa8+ 42. Ke3 g6 43. Ng3 Re7+ 0-1

[Event "French League"]
[Site "Mulhouse FRA"]
[Date "2011.05.30"]
[Round "5"]
[White "David, Alberto"]
[Black "Jakovenko, Dmitry"]
[Result "0-1"]
[WhiteElo "2593"]
[BlackElo "2732"]
[PlyCount "92"]
[EventDate "2011.05.26"]

1. d4 d5 2. c4 c6 3. Nc3 Nf6 4. e3 e6 5. Nf3 Nbd7 6. Bd3 dxc4 7. Bxc4 b5 8. Bd3
Bd6 9. Bd2 Bb7 10. Rc1 Rc8 11. Ng5 h6 12. Nce4 Be7 13. Nxf6+ Nxf6 14. Nf3 a5
15. a3 b4 16. axb4 axb4 17. Ne5 O-O 18. Qf3 Qb6 19. Nc4 Qa7 20. O-O c5 21. Ra1
Qb8 22. e4 Rcd8 23. dxc5 Bxc5 24. Ra5 Qc7 25. Bf4 Qe7 26. Qe2 Nd7 27. h3 Ra8
28. Rd1 Qh4 29. Bg3 Qe7 30. Rxa8 Rxa8 31. e5 Bd5 32. Be4 Bxe4 33. Qxe4 Ra7 34.
Bh4 g5 35. Bg3 Nf8 36. h4 Ng6 37. h5 Nf8 38. Kh2 Rd7 39. Nd6 f5 40. exf6 Qxf6
41. Rd3 Qxb2 42. Qf3 Qc2 43. Kh3 b3 44. Rc3 Bxd6 45. Rxc2 bxc2 46. Qc6 Rc7 0-1

[Event "French League"]
[Site "Mulhouse FRA"]
[Date "2011.05.30"]
[Round "5"]
[White "Dreev, Aleksey"]
[Black "Landa, Konstantin"]
[Result "1/2-1/2"]
[WhiteElo "2703"]
[BlackElo "2613"]
[PlyCount "68"]
[EventDate "2011.05.26"]

1. d4 Nf6 2. c4 e6 3. Nc3 Bb4 4. Qc2 d5 5. cxd5 exd5 6. Bg5 c5 7. Nf3 h6 8. Bh4
g5 9. Bg3 Ne4 10. dxc5 Bf5 11. Nd4 Nxg3 12. Qa4+ Qd7 13. Qxd7+ Bxd7 14. hxg3
Na6 15. Rc1 Nxc5 16. a3 Bxc3+ 17. Rxc3 Ne4 18. Rc2 Ke7 19. e3 Rac8 20. Bd3 h5
21. O-O Rxc2 22. Bxc2 Nd2 23. Ra1 Nc4 24. b3 Nd6 25. f3 Rc8 26. a4 a5 27. Kf2
Kf6 28. Bd3 Bf5 29. Ke2 Rc3 30. Bxf5 Nxf5 31. Kd2 Rc5 32. Nxf5 Kxf5 33. Kd3 b6
34. Rh1 Ke5 1/2-1/2

[Event "French League"]
[Site "Mulhouse FRA"]
[Date "2011.05.30"]
[Round "5"]
[White "Dumitrache, Dragos-Nicolae"]
[Black "Naiditsch, Arkadij"]
[Result "0-1"]
[WhiteElo "2445"]
[BlackElo "2716"]
[PlyCount "48"]
[EventDate "2011.05.26"]

1. d4 Nf6 2. c4 e6 3. Nc3 Bb4 4. Qc2 O-O 5. Bg5 h6 6. Bh4 c5 7. dxc5 Bxc5 8.
Nf3 d5 9. cxd5 g5 10. Bg3 exd5 11. O-O-O Na6 12. e4 Nb4 13. Qb3 a5 14. a3 Bd7
15. exd5 Bf5 16. Nd4 Bxd4 17. Rxd4 Qb6 18. Qd1 Rfc8 19. Rc4 Rxc4 20. Bxc4 Rc8
21. axb4 Rxc4 22. Qe2 Qxb4 23. Qe5 Bg6 24. Re1 Qa4 0-1

[Event "French League"]
[Site "Mulhouse FRA"]
[Date "2011.05.30"]
[Round "5"]
[White "Rozentalis, Eduardas"]
[Black "Eljanov, Pavel"]
[Result "1/2-1/2"]
[WhiteElo "2573"]
[BlackElo "2712"]
[PlyCount "21"]
[EventDate "2011.05.26"]

1. e4 c6 2. d4 d5 3. Nd2 dxe4 4. Nxe4 Bf5 5. Nc5 Nd7 6. Bd3 Bxd3 7. Nxd3 Ngf6
8. Nf3 e6 9. Qe2 Be7 10. O-O O-O 11. Bg5 1/2-1/2

[Event "French League"]
[Site "Mulhouse FRA"]
[Date "2011.05.30"]
[Round "5"]
[White "Sanikidze, Tornike"]
[Black "Le Quang Liem"]
[Result "1/2-1/2"]
[WhiteElo "2524"]
[BlackElo "2687"]
[PlyCount "81"]
[EventDate "2011.05.26"]

1. d4 Nf6 2. c4 g6 3. Nc3 d5 4. cxd5 Nxd5 5. e4 Nxc3 6. bxc3 Bg7 7. Be3 c5 8.
Qd2 Qa5 9. Rb1 cxd4 10. cxd4 Qxd2+ 11. Kxd2 O-O 12. Nf3 Rd8 13. Bd3 Nc6 14. d5
Na5 15. Bg5 f5 16. Bxe7 Bh6+ 17. Bg5 fxe4 18. Bxe4 Bf5 19. Bxf5 Rxd5+ 20. Bd3
Bxg5+ 21. Nxg5 Rad8 22. Rhd1 Rxd3+ 23. Kc2 R3d5 24. Rxd5 Rxd5 25. f4 h6 26. Nf3
Rc5+ 27. Kd3 Rc4 28. Rxb7 Rxf4 29. Rxa7 Ra4 30. Ne5 Rxa2 31. g4 Ra3+ 32. Ke4
Nc4 33. Rxa3 Nxa3 34. Nxg6 Kg7 35. Ne7 Kf6 36. Nf5 Kg5 37. Kf3 h5 38. h4+ Kg6
39. Ne7+ Kf7 40. Nf5 Kg6 41. Ke4 1/2-1/2

[Event "French League"]
[Site "Mulhouse FRA"]
[Date "2011.05.30"]
[Round "5"]
[White "Vachier-Lagrave, Maxime"]
[Black "Vaisser, Anatoly"]
[Result "1-0"]
[WhiteElo "2731"]
[BlackElo "2533"]
[PlyCount "157"]
[EventDate "2011.05.26"]

1. d4 e6 2. Nf3 f5 3. d5 exd5 4. Qxd5 d6 5. g3 Nf6 6. Qb3 Na6 7. Be3 d5 8. Bg2
c6 9. c4 dxc4 10. Qxc4 Bb4+ 11. Nbd2 Qd5 12. O-O Qxc4 13. Nxc4 Bc5 14. Rfd1
Bxe3 15. Nxe3 Ke7 16. Nd4 g6 17. Nc4 Nc5 18. Na5 Ne6 19. Nxe6 Kxe6 20. Rd3 Re8
21. Rad1 Kf7 22. Kf1 Re5 23. Nc4 Rc5 24. b3 Nd5 25. Bxd5+ cxd5 26. Rxd5 Rxd5
27. Rxd5 Be6 28. Rd4 Kf6 29. Ke1 b5 30. Na3 Rb8 31. Rd6 a5 32. Nc2 Ke7 33. Ra6
a4 34. Nd4 Bd7 35. Kd2 Rc8 36. Rb6 Rc5 37. e3 axb3 38. axb3 Kf7 39. b4 Rd5 40.
h4 Kg7 41. Ke2 Kh6 42. Nb3 Re5 43. Nc5 Be8 44. Re6 Rxe6 45. Nxe6 Bf7 46. Nf4
Bc4+ 47. Kd2 g5 48. hxg5+ Kxg5 49. Ng2 Kf6 50. f4 Ke6 51. Nh4 Bf1 52. Kc3 Bh3
53. Kd4 Kd6 54. Nf3 Bg2 55. Ng5 h5 56. Nf7+ Ke6 57. Ne5 Kd6 58. Nd3 Bf3 59. Nc1
Bg2 60. Ne2 Bf3 61. Nc3 Bc6 62. Kd3 Ke6 63. Kd4 Kd6 64. Nb1 Bf3 65. Nd2 Bc6 66.
Kd3 Ke6 67. Nb3 Kd5 68. Nc5 Kd6 69. Kd4 Bg2 70. e4 fxe4 71. Nxe4+ Ke6 72. Nc3
Kf5 73. Nd5 Bf3 74. Ne3+ Kf6 75. Kc5 Be2 76. Nc2 Bf1 77. Nd4 Bd3 78. Nxb5 Kf5
79. Nd6+ 1-0

[Event "French League"]
[Site "Mulhouse FRA"]
[Date "2011.05.30"]
[Round "5"]
[White "Wojtaszek, Radoslaw"]
[Black "Meier, Georg"]
[Result "1/2-1/2"]
[WhiteElo "2721"]
[BlackElo "2650"]
[PlyCount "53"]
[EventDate "2011.05.26"]

1. d4 Nf6 2. c4 e6 3. Nc3 Bb4 4. e3 O-O 5. Bd3 c5 6. Nf3 d5 7. O-O cxd4 8. exd4
dxc4 9. Bxc4 b6 10. Bg5 Bb7 11. Re1 Nbd7 12. Rc1 Rc8 13. Bd3 Re8 14. Qe2 Bxc3
15. bxc3 Qc7 16. c4 h6 17. Bd2 Qd6 18. Bc3 Ng4 19. h3 Bxf3 20. Qxf3 Qh2+ 21.
Kf1 Ngf6 22. Qg3 Qxg3 23. fxg3 Red8 24. Red1 Re8 25. Re1 Red8 26. Red1 Re8 27.
Re1 1/2-1/2

[Event "French League"]
[Site "Mulhouse FRA"]
[Date "2011.05.31"]
[Round "6"]
[White "Avrukh, Boris"]
[Black "Wojtaszek, Radoslaw"]
[Result "1/2-1/2"]
[WhiteElo "2601"]
[BlackElo "2721"]
[PlyCount "119"]
[EventDate "2011.05.26"]

1. d4 Nf6 2. c4 e6 3. Nc3 Bb4 4. e3 O-O 5. Nge2 Re8 6. a3 Bf8 7. d5 d6 8. g3
exd5 9. cxd5 c5 10. dxc6 bxc6 11. Bg2 d5 12. O-O Nbd7 13. Qc2 Ne5 14. h3 h5 15.
b3 Rb8 16. Rd1 h4 17. f4 Ned7 18. g4 Bc5 19. g5 Nh5 20. Nd4 Bxd4 21. Rxd4 Ng3
22. Kh2 Qe7 23. Na4 Qe6 24. Bd2 Nf5 25. Re1 Ba6 26. Rb4 Rxb4 27. axb4 Ng3 28.
Nc3 Qd6 29. Ra1 d4 30. exd4 Be2 31. d5 cxd5 32. Nxd5 Bf1 33. Re1 Rxe1 34. Bxe1
Bxg2 35. Qxg2 Nb6 36. Nxb6 axb6 37. Bxg3 hxg3+ 38. Kxg3 Qxb4 39. Qa8+ Kh7 40.
Qd5 Qe1+ 41. Kg4 Qe2+ 42. Qf3 Qe1 43. Qd3+ g6 44. h4 Qg1+ 45. Kf3 Qh1+ 46. Ke3
Qxh4 47. Ke4 Qe1+ 48. Kd4 Qc1 49. Qe3 Qc5+ 50. Kd3 Qb5+ 51. Kc3 Kg8 52. Qd4
Qa5+ 53. b4 Qa1+ 54. Kc4 b5+ 55. Kd5 Qc1 56. Qe4 Qc8 57. Qd4 Qd7+ 58. Ke4 Qe6+
59. Kd3 Qb3+ 60. Ke4 1/2-1/2

[Event "French League"]
[Site "Mulhouse FRA"]
[Date "2011.05.31"]
[Round "6"]
[White "Bacrot, Etienne"]
[Black "Rozentalis, Eduardas"]
[Result "1-0"]
[WhiteElo "2705"]
[BlackElo "2573"]
[PlyCount "91"]
[EventDate "2011.05.26"]

1. d4 Nf6 2. c4 e6 3. Nc3 Bb4 4. g3 c5 5. Nf3 b6 6. Bg2 Bb7 7. O-O cxd4 8. Qxd4
Nc6 9. Qd3 O-O 10. b3 d5 11. cxd5 Nxd5 12. Nxd5 Qxd5 13. Qxd5 exd5 14. Bb2 Ba6
15. Rfc1 Rac8 16. Bh3 f5 17. e3 g6 18. Bg2 Ne7 19. Nd4 Rfd8 20. Ne6 Rxc1+ 21.
Rxc1 Rc8 22. Rc7 Rxc7 23. Nxc7 Bb7 24. a3 Bd6 25. Ne8 Nc8 26. Nf6+ Kf7 27. Nxd5
Ba6 28. Nb4 Bxb4 29. Bd5+ Kf8 30. axb4 Ne7 31. Be6 Bb7 32. Bc4 Be4 33. h4 h6
34. b5 Nd5 35. Be5 Ke7 36. Kf1 g5 37. Bg7 gxh4 38. gxh4 h5 39. Ke2 Nf6 40. Bh6
Nd7 41. Bg5+ Ke8 42. Bf4 Ke7 43. Kd2 Bf3 44. Kc3 Nc5 45. Kd4 Kf6 46. Bb8 1-0

[Event "French League"]
[Site "Mulhouse FRA"]
[Date "2011.05.31"]
[Round "6"]
[White "Jens, Jelmer"]
[Black "Le Quang Liem"]
[Result "0-1"]
[WhiteElo "2376"]
[BlackElo "2687"]
[PlyCount "74"]
[EventDate "2011.05.26"]

1. e4 c5 2. Nf3 d6 3. d4 cxd4 4. Nxd4 Nf6 5. Nc3 a6 6. Be3 e5 7. Nb3 Be6 8. f3
h5 9. Qd2 Nbd7 10. O-O-O Be7 11. Kb1 b5 12. Nd5 Bxd5 13. exd5 Nb6 14. Bxb6 Qxb6
15. Na5 Rc8 16. Nc6 Nxd5 17. Nxe7 Nxe7 18. Qxd6 Qxd6 19. Rxd6 Nc6 20. Rd2 Ke7
21. Bd3 Rhd8 22. Rhd1 g6 23. c3 Na5 24. Kc2 f5 25. a4 Nc4 26. Re2 Kf6 27. axb5
axb5 28. Ra1 Nd6 29. Kb3 Rc6 30. Ra5 Nb7 31. Rxb5 Nc5+ 32. Rxc5 Rxc5 33. Kc2
Rcd5 34. Bc4 Rd1 35. b4 h4 36. b5 Rg1 37. b6 Rb8 0-1

[Event "French League"]
[Site "Mulhouse FRA"]
[Date "2011.05.31"]
[Round "6"]
[White "Naiditsch, Arkadij"]
[Black "Sanikidze, Tornike"]
[Result "1-0"]
[WhiteElo "2716"]
[BlackElo "2524"]
[PlyCount "93"]
[EventDate "2011.05.26"]

1. e4 e5 2. Nf3 Nc6 3. Bb5 a6 4. Ba4 Nf6 5. O-O Be7 6. d3 b5 7. Bb3 d6 8. a4
Bd7 9. Bd2 b4 10. a5 O-O 11. c3 Rb8 12. h3 Qc8 13. Re1 bxc3 14. bxc3 Be6 15.
Bxe6 Qxe6 16. Qa4 d5 17. exd5 Qxd5 18. c4 Qd6 19. Nc3 Nb4 20. c5 Qxc5 21. Rxe5
Qd6 22. Rae1 Bd8 23. d4 Nd3 24. R1e3 Rb4 25. Qa1 Nxe5 26. dxe5 Qc6 27. exf6
Bxf6 28. Qe1 Rfb8 29. Qe2 h6 30. Ne4 Rb1+ 31. Kh2 Ba1 32. Nh4 Be5+ 33. Ng3 Bf4
34. Nhf5 Qa4 35. Qg4 Bxg3+ 36. Rxg3 Qxg4 37. Rxg4 g6 38. Ne7+ Kh7 39. Rf4 f5
40. Rc4 Rd8 41. Bf4 Rd7 42. Rxc7 Rxc7 43. Bxc7 Rb7 44. Nd5 Rb5 45. Nf4 g5 46.
Ne6 f4 47. Bb6 1-0

[Event "French League"]
[Site "Mulhouse FRA"]
[Date "2011.05.31"]
[Round "6"]
[White "Navara, David"]
[Black "Moiseenko, Alexander"]
[Result "1-0"]
[WhiteElo "2702"]
[BlackElo "2679"]
[PlyCount "61"]
[EventDate "2011.05.26"]

1. e4 c5 2. Nf3 Nc6 3. d4 cxd4 4. Nxd4 e5 5. Nb5 d6 6. c4 Be7 7. N1c3 a6 8. Na3
Be6 9. Be2 Bg5 10. O-O Bxc1 11. Rxc1 Nf6 12. Nc2 O-O 13. Qd3 Qb6 14. b3 Nb4 15.
Qe3 Qxe3 16. Nxe3 Nc6 17. Nc2 Rfd8 18. Rfd1 Kf8 19. g3 Rac8 20. f4 g6 21. Bf3
h5 22. Rd2 b5 23. cxb5 Na7 24. fxe5 Rxc3 25. exf6 Rxf3 26. Nd4 Re3 27. b6 Rd7
28. Rdc2 Ke8 29. Nxe6 fxe6 30. Rc7 Rxc7 31. Rxc7 1-0

[Event "French League"]
[Site "Mulhouse FRA"]
[Date "2011.06.01"]
[Round "7"]
[White "Caruana, Fabiano"]
[Black "Jakovenko, Dmitry"]
[Result "1/2-1/2"]
[WhiteElo "2714"]
[BlackElo "2732"]
[PlyCount "86"]
[EventDate "2011.05.26"]

1. e4 e5 2. Nf3 Nc6 3. Bb5 Nf6 4. O-O Nxe4 5. d4 Nd6 6. Bxc6 dxc6 7. dxe5 Nf5
8. Qxd8+ Kxd8 9. Nc3 Ke8 10. h3 h5 11. Bf4 Be7 12. Rad1 Nh4 13. Nd4 Nf5 14.
Nce2 g5 15. Bh2 Nxd4 16. Nxd4 Rh6 17. Rfe1 Bc5 18. e6 Bxe6 19. Nxe6 Rxe6 20.
Rxe6+ fxe6 21. Bxc7 Ke7 22. g4 Rf8 23. gxh5 Rh8 24. b4 Bxb4 25. Rb1 a5 26. a3
Bxa3 27. Rxb7 Rxh5 28. Bxa5+ Kd6 29. Kg2 Bc1 30. Bc7+ Kd5 31. Bg3 c5 32. Rf7
Rh8 33. Rd7+ Kc4 34. Rd6 Rh6 35. Rd3 Bf4 36. h4 Rh7 37. Bxf4 gxf4 38. Kh3 e5
39. f3 Rg7 40. h5 Rg3+ 41. Kh4 e4 42. fxe4 Rxd3 43. cxd3+ Kxd3 1/2-1/2